Missing Word: Song Titles in Lyrics V Quiz Stats

 Plays Quiz Updated May 18, 2016

Challenge
Share
Tweet
Embed
Score 0/16 Timer 04:00
0 Plays Today
Lyric Word % Correct
Because I'm ________ / Clap along if you feel like a room without a roof.Happy
89.5%
________ there's no heaven / It's easy if you try / No hell below us / Above us only sky.Imagine
85.9%
It's a death row pardon two minutes too late / And isn't it ________, don't you think?Ironic
73.1%
So shine bright, tonight you and I / We're beautiful like ________ in the sky.Diamonds
71.3%
I said maybe / You're gonna be the one that saves me / And after all / You're my ________.Wonderwall
70.3%
________ in the way she moves / Attracts me like no other lover.Something
70.1%
I am _____ / No matter what they say / Words can't bring me downBeautiful
69.9%
With a taste of a poison paradise / I'm addicted to you / Don't you know that you're ________ Toxic
67.9%
Lyric Word % Correct
Does that make me ________? / Probably / And I hope that you are having the time of your life.Crazy
65.1%
________, ________, ________, ________ / I'm begging of you, please don't take my man.Jolene
61.6%
Soy un perdedor / I'm a ________, baby / So why don't you kill me?Loser
58.3%
I'm so ________ / You already know / I'm in the fast lane / From L.A. to TokyoFancy
50.7%
You got the kind of loving that can be so ________, yeah. / Gimme your heart, make it real / Or else forget about itSmooth
47.9%
________, you're beautiful / But ain't it time we said good-bye?Angie
38.9%
Count to ten, take it in / This is life before you know who you're gonna be / ________Fifteen
15.1%
________, I feel for you / You deal with things that you don't have to.Señorita
12.6%

Today's Daily Dose

You're not logged in!

Compare scores with friends on all Sporcle quizzes.
OR
Log In

You Might Also Like...

Show Comments

Extras

Top Quizzes Today


Score Distribution

Your Account Isn't Verified!

In order to create a playlist on Sporcle, you need to verify the email address you used during registration. Go to your Sporcle Settings to finish the process.

Report this User

Report this user for behavior that violates our Community Guidelines.

Details: